[Event "4NCL Division 2d"]
[Site "Telford, ENG"]
[Date "2018.05.07"]
[Round "11.85"]
[White "Morrison, Lynne G P"]
[Black "Hutchinson, Norman A"]
[Result "0-1"]
[WhiteElo "1854"]
[BlackElo "2050"]
[PlyCount "120"]
[EventDate "2018.05.07"]
[WhiteTeam "Barbican Youth"]
[BlackTeam "Poisoned Pawns 1"]

1. d4 Nf6 2. Nf3 e6 3. e3 c5 4. Bd3 Nc6 5. c3 d5 6. Nbd2 Bd6 7. O-O O-O 8. Re1
e5 9. dxe5 Nxe5 10. Nxe5 Bxe5 11. e4 Qc7 12. h3 Be6 13. exd5 Bxd5 14. Nf3 Bf4
15. Bxf4 Qxf4 16. Re3 Rad8 17. Qe1 Rfe8 18. Rxe8+ Rxe8 19. Qd2 Qxd2 20. Nxd2
Rd8 21. Nf1 Kf8 22. Bc2 Be6 23. a3 Rd6 24. Re1 Rb6 25. b4 cxb4 26. cxb4 Rc6 27.
Ne3 Rc3 28. a4 Nd5 29. Be4 Nxb4 30. Bxb7 Ra3 31. Rc1 Rxa4 32. g4 Nd3 33. Rd1
Nf4 34. Kh2 Rb4 35. Bc6 Rb2 36. Kg3 Ne2+ 37. Kf3 Nc3 38. Ra1 Rb6 39. Ba8 Nb5
40. Kf4 a6 41. Be4 Nc3 42. Bd3 Na2 43. Kg3 Nb4 44. Be4 g6 45. h4 Ke7 46. Kf4
Rb5 47. Kg3 a5 48. Ra3 Rc5 49. Bf3 Kd6 50. h5 Kc7 51. hxg6 hxg6 52. Be4 Nd5 53.
Nxd5+ Bxd5 54. Bxd5 Rxd5 55. f4 Kb6 56. Kf3 Rd4 57. Ke3 Rb4 58. Kf3 a4 59. f5
Rb3+ 60. Rxb3+ axb3 0-1

[Event "4NCL Division 2d"]
[Site "Telford, ENG"]
[Date "2018.05.07"]
[Round "11.86"]
[White "Rosen, Daniel B"]
[Black "O'Toole, Alex P"]
[Result "1-0"]
[WhiteElo "2063"]
[BlackElo "1487"]
[PlyCount "49"]
[EventDate "2018.05.07"]
[WhiteTeam "Poisoned Pawns 1"]
[BlackTeam "Barbican Youth"]

1. e4 e5 2. Nf3 Nc6 3. Bb5 a6 4. Ba4 b5 5. Bb3 d6 6. c3 f5 7. d3 Nf6 8. Bg5 h6
9. Bxf6 Qxf6 10. a4 fxe4 11. dxe4 Bb7 12. axb5 axb5 13. Rxa8+ Bxa8 14. Bd5 Qd8
15. Qb3 Qb8 16. O-O Na5 17. Bf7+ Kd8 18. Qa2 Nc4 19. Nbd2 Nb6 20. Nh4 Be7 21.
Ng6 Bg5 22. Nxh8 d5 23. Nf3 Ke7 24. Nxg5 c6 25. Ng6+ 1-0